000 01918nam a2200457 i 4500
001 28903
003 KOSZ 005
005 20250518063457.0
008 200605s1988 pl a g 100 0 pol
040 _aWA N
_cWA N
_dKOSZ 005/RW
_dKOSZ 005/HR
045 _bd1918
_bd1939
046 _k1988
080 _a 623(438)
080 _a94(438).081
245 0 0 _aPolska myśl techniczno-wojskowa 1918-1939 :
_bmateriały z konferencji naukowej , Koszalin 29- 30 maja 1987 r. /
_czorganizowanej przez Instytut Nauk Społecznych i Zarząd Oddziału Stowarzenia Inżynierów i Techników Mechaników Polskich ; redakcja naukowa Bogusław Polak, Tomasz Katafiasz, Stanisław Ziółkowski.
260 _aKoszalin :
_bWydawnictwo Uczelniane Wyższej Szkoły Inżynierskiej,
_c1988.
300 _a238 stron :
_bilustracje ;
_c24 cm.
336 _aTekst
_btxt
_2rdacontent
337 _aBez urządzenia pośredniczącego
_bn
_2rdamedia
338 _aWolumin
_bnc
_2rdacarrier
380 _aKsiążki
380 _aPublikacje naukowe
388 _a1901-2000
388 _a1945-1989
648 7 _a1901-2000
648 7 _a1918-1939
650 7 _aTechnika
650 7 _aWojsko
651 7 _aPolska
655 7 _aMateriały konferencyjne
658 _aHistoria
658 _aInżynieria i technika
658 _aBezpieczeństwo i wojskowość
700 1 _aKatafiasz, Tomasz
_d(1955-2021)
_eRedakcja
700 1 _aZiółkowski, Stanisław
_eRedakcja
700 1 _aPolak, Bogusław
_d(1945- )
_eRedakcja
710 4 _aWydawnictwo Uczelniane (Wyższa Szkoła Inżynierska ; Koszalin)
_4pbl
856 _uhttp://dlibra.tu.koszalin.pl/dlibra/docmetadata?id=371&from=&dirids=1&ver_id=&lp=1&QI=
_yBiblioteka Cyfrowa
856 _uhttp://koha.tu.koszalin.pl/cgi-bin/koha/opac-detail.pl?biblionumber=28903
_yKatalog online BPK
942 _2UKD
_cKS
999 _c28903
_d28903